[Event "Chigorin Memorial 29th"]
[Site "St Petersburg"]
[Date "2022.10.30"]
[Round "9"]
[White "Afineevskij, Ilya"]
[Black "Ivanov, Artem"]
[Result "0-1"]
[WhiteElo "1532"]
[BlackElo "1879"]
[PlyCount "120"]
[EventDate "2022.10.22"]
[EventType "swiss"]
[EventRounds "9"]
[EventCountry "RUS"]
[SourceTitle "EXT 2024"]
[Source "ChessBase"]
[SourceDate "2023.10.10"]
[SourceVersion "1"]
[SourceVersionDate "2023.10.10"]
[SourceQuality "1"]

1. d4 d5 2. Bg5 f6 3. Bh4 c5 4. e3 Nc6 5. Nf3 Bf5 6. Bd3 Nh6 7. 0-0 e6 8. c4 Qd7 9. Nc3 Bxd3 10. Qxd3 Nb4 11. Qe2 dxc4 12. Qxc4 Rc8 13. Qe2 Nf5 14. Rad1 c4 15. e4 Nxh4 16. Nxh4 g5 17. Nf3 Bg7 18. e5 f5 19. Nxg5 0-0 20. f4 Bh6 21. Qh5 Bxg5 22. Qxg5+ Kh8 23. Rd2 Nd3 24. Ne2 Rf7 25. Qh5 b5 26. Qf3 a5 27. Rxd3 cxd3 28. Qxd3 b4 29. d5 Qxd5 30. Qxd5 exd5 31. Nd4 Kg7 32. Re1 Rc4 33. Rd1 Kg6 34. g3 Rfc7 35. Rd2 a4 36. b3 Rc1+ 37. Kg2 a3 38. g4 fxg4 39. f5+ Kf7 40. Rf2 Rd1 41. Nb5 Rcc1 42. Kg3 Rg1+ 43. Kh4 Rcf1 44. Nd6+ Ke7 45. Rc2 Kd7 46. Kg5 Rc1 47. Rd2 Rgd1 48. Rg2 Rg1 49. Rxg1 Rxg1 50. Kf6 d4 51. Nb5 d3 52. e6+ Kd8 53. Kf7 Re1 54. Nd6 d2 55. f6 d1Q 56. e7+ Kd7 57. e8Q+ Rxe8 58. Nxe8 Qd5+ 59. Kf8 Qc5+ 60. Kf7 Qh5+ 0-1